[Event "International Tournament"]
[Site "Pool "]
[Date "2022.07.11"]
[Round "4.75"]
[White "Aditya, Chatterjee"]
[Black "Radosavljevic, Slobodan D"]
[Result "1/2-1/2"]
[WhiteElo "1848"]
[BlackElo "2102"]
[PlyCount "72"]
[EventDate "2022.07.08"]

1. e4 c5 2. Nf3 g6 3. c3 Bg7 4. d4 cxd4 5. cxd4 d5 6. e5 Nc6 7. Bb5 Nh6 8. O-O
O-O 9. h3 f6 10. Re1 Nf7 11. Bxc6 bxc6 12. Bf4 Qb6 13. Qd2 fxe5 14. dxe5 Nd8
15. Nc3 Ne6 16. Bg3 a5 17. Na4 Qb4 18. Qc2 Rxf3 19. gxf3 Nd4 20. Qd1 Qxe1+ 21.
Qxe1 Nxf3+ 22. Kg2 Nxe1+ 23. Rxe1 e6 24. Rc1 Ra6 25. f4 Bf8 26. Bf2 c5 27. Nxc5
Rc6 28. Be3 h6 29. Kf3 Kf7 30. b3 Ke8 31. a3 Bxc5 32. Rxc5 Rxc5 33. Bxc5 a4 34.
bxa4 Ba6 35. h4 h5 36. Ke3 Kd7 1/2-1/2

[Event "International Tournament"]
[Site "Pool "]
[Date "2022.07.11"]
[Round "4.76"]
[White "Atanasov, Margarit"]
[Black "Zhorayev, Almas"]
[Result "1/2-1/2"]
[WhiteElo "2043"]
[BlackElo "1873"]
[PlyCount "150"]
[EventDate "2022.07.08"]

1. c4 e5 2. Nc3 Bb4 3. g3 Bxc3 4. dxc3 d6 5. Bg2 Nc6 6. Nf3 Nge7 7. O-O O-O 8.
Ne1 h6 9. Nc2 Be6 10. Ne3 Qd7 11. Nd5 Na5 12. b3 c6 13. Nxe7+ Qxe7 14. Ba3 Rfd8
15. e4 Qc7 16. f4 f6 17. f5 Bf7 18. Qd2 Rd7 19. Rf3 Rad8 20. Rd3 c5 21. Rd1 b6
22. g4 Kf8 23. h4 Ke7 24. g5 hxg5 25. hxg5 Rh8 26. Rg3 Rdd8 27. Qe3 Rh4 28. g6
Bg8 29. Bc1 Kd7 30. Qf2 Rh8 31. Rgd3 Kc8 32. Be3 Nb7 33. Bf1 Qc6 34. Bg2 Qc7
35. R3d2 Qc6 36. Qg3 a6 37. Bf2 Qc7 38. Qe3 Qc6 39. Bf1 Qc7 40. Rb2 Na5 41. Bd3
Qc6 42. Qe2 Kc7 43. Rc1 Nb7 44. b4 Rb8 45. Rbb1 a5 46. a3 Rh6 47. Kg2 Rh8 48.
Be3 Rh4 49. Bf2 Rh6 50. Rh1 Rxh1 51. Rxh1 Qa4 52. b5 Rd8 53. Rh7 Rd7 54. Rh8
Rd8 55. Rxg8 Rxg8 56. Qh5 Rd8 57. Bh4 Rd7 58. Qg4 Qxa3 59. Bxf6 Qxc3 60. Bxg7
Qxd3 61. Bh6 a4 62. g7 Rxg7 63. Qxg7+ Kb8 64. f6 Qxe4+ 65. Kg3 Qe1+ 66. Kg4
Qe2+ 67. Kf5 Nd8 68. Qd7 Qh5+ 69. Ke4 Qe2+ 70. Be3 Qxc4+ 71. Kf5 Qd3+ 72. Kg4
Qg6+ 73. Bg5 Nf7 74. Qe8+ Ka7 75. Qd7+ Ka8 1/2-1/2

[Event "International Tournament"]
[Site "Pool "]
[Date "2022.07.11"]
[Round "4.77"]
[White "Csernyik, Mark"]
[Black "Gavrilov, Maxim"]
[Result "0-1"]
[WhiteElo "2022"]
[BlackElo "2216"]
[PlyCount "140"]
[EventDate "2022.07.08"]

1. e4 c5 2. Nf3 d6 3. d4 cxd4 4. Nxd4 Nf6 5. Nc3 a6 6. f3 e5 7. Nb3 Be6 8. Be3
Be7 9. Qd2 O-O 10. O-O-O Nbd7 11. g4 b5 12. g5 b4 13. Na4 Nh5 14. Qxb4 d5 15.
Qa5 Bxg5 16. Bxg5 Qxg5+ 17. Qd2 Nf4 18. Nac5 Rfd8 19. Nxe6 fxe6 20. Bd3 a5 21.
Rhg1 Qe7 22. exd5 exd5 23. a4 Nb6 24. Bb5 Nc4 25. Qe1 Rdc8 26. Kb1 Qf6 27. Rg4
h5 28. Rg3 Rc7 29. h4 Rac8 30. Rg5 Ne6 31. Rg3 e4 32. c3 Nxb2 33. Rxd5 Rxc3 34.
fxe4 Rxg3 35. Qxg3 Nc4 36. Bxc4 Rxc4 37. Qb8+ Nf8 38. Rf5 Qe7 39. Qe5 Ne6 40.
Qb8+ Nd8 41. Qe5 Qxe5 42. Rxe5 Nc6 43. Rxh5 Rxa4 44. Rc5 Rb4 45. Rxc6 Rxb3+ 46.
Kc2 Rh3 47. Ra6 Rxh4 48. Kd3 Rh3+ 49. Kc4 Ra3 50. e5 Ra1 51. e6 Kf8 52. Kd5 Ke7
53. Ra7+ Kf6 54. Rf7+ Kg6 55. Ra7 a4 56. Kd6 a3 57. Ke7 a2 58. Ra6 Kh7 59. Ra7
Kh6 60. Ra6 g6 61. Ra5 g5 62. Ra6 Kh5 63. Ra4 g4 64. Ra5+ Kh4 65. Ra8 g3 66.
Ke8 Re1 67. Rxa2 Rxe6+ 68. Kf7 Rb6 69. Ra4+ Kh3 70. Ra3 Kh2 0-1

[Event "International Tournament"]
[Site "Pool "]
[Date "2022.07.11"]
[Round "4.78"]
[White "Randjelovic, Nenad"]
[Black "Marjanovic, Rastko"]
[Result "0-1"]
[WhiteElo "1925"]
[BlackElo "2140"]
[PlyCount "80"]
[EventDate "2022.07.08"]

1. e4 e5 2. f4 exf4 3. Bc4 Nc6 4. Nc3 Qh4+ 5. Kf1 Bc5 6. Qe1 Qd8 7. Nf3 d6 8.
Na4 Bd4 9. c3 Bf6 10. d4 g5 11. h4 g4 12. e5 dxe5 13. Nxe5 Bxe5 14. dxe5 Bf5
15. Nc5 Qe7 16. Nxb7 Bc8 17. Ba6 Rb8 18. Qe4 Qd7 19. Nc5 Qd1+ 20. Qe1 Qd5 21.
Bxc8 Rxc8 22. Nb3 Rd8 23. Bxf4 Qc4+ 24. Kg1 Qxf4 25. e6 f5 26. Rd1 Rd6 27. Nc5
Nf6 28. Nb7 Rd5 29. g3 Rxd1 30. Qxd1 Qxg3+ 31. Kf1 O-O 32. Qb3 Qf3+ 33. Kg1 Ne7
34. Rh2 Rb8 35. Rd2 Rxb7 36. Rd8+ Kg7 37. Qa3 Qe3+ 38. Kh1 Qc1+ 39. Kh2 Rxb2+
40. Kg3 Ne4# 0-1

[Event "International Tournament"]
[Site "Pool "]
[Date "2022.07.11"]
[Round "4.79"]
[White "Phatak, Aanjaneya"]
[Black "Cuzovic, Ognjen"]
[Result "0-1"]
[WhiteElo "2128"]
[BlackElo "1987"]
[PlyCount "92"]
[EventDate "2022.07.08"]

1. e4 c6 2. Nf3 d5 3. Nc3 Bg4 4. Be2 e6 5. d4 Nd7 6. O-O dxe4 7. Nxe4 Ngf6 8.
Nxf6+ Nxf6 9. c4 Be7 10. b3 O-O 11. Bb2 Qc7 12. h3 Bh5 13. Ne5 Bxe2 14. Qxe2
Nd7 15. Nd3 Bf6 16. b4 Rfe8 17. f4 Nb6 18. Nc5 Rad8 19. Rad1 g6 20. a4 Bg7 21.
a5 Nd7 22. Nxd7 Qxd7 23. Rf3 b6 24. axb6 axb6 25. Ra3 c5 26. Rad3 cxd4 27. Bxd4
Bxd4+ 28. Rxd4 Qxd4+ 29. Rxd4 Rxd4 30. f5 e5 31. f6 e4 32. Qe3 Rd6 33. c5 bxc5
34. bxc5 Rxf6 35. h4 h5 36. Kh2 Rc6 37. g4 hxg4 38. h5 gxh5 39. Kg3 Rg6 40. Qc1
h4+ 41. Kxh4 g3 42. c6 g2 43. c7 g1=Q 44. c8=Q Qg3+ 45. Kh5 Qh2+ 46. Qh3 Qxh3#
0-1

[Event "International Tournament"]
[Site "Pool "]
[Date "2022.07.11"]
[Round "4.80"]
[White "Teo, Hong Ming"]
[Black "Ignat, Matei-Marius"]
[Result "1/2-1/2"]
[WhiteElo "1898"]
[BlackElo "2055"]
[PlyCount "42"]
[EventDate "2022.07.08"]

1. d4 d5 2. c4 c6 3. Nc3 Nf6 4. Nf3 e6 5. e3 Nbd7 6. Be2 dxc4 7. a4 Bd6 8. Nd2
O-O 9. Nxc4 Bc7 10. b3 Nd5 11. Qd2 N7b6 12. O-O Nxc4 13. bxc4 Nxc3 14. Qxc3 Qd6
15. g3 c5 16. Bf3 e5 17. dxc5 Qf6 18. Bg2 Rb8 19. Ba3 Rd8 20. c6 bxc6 21. Bxc6
a5 1/2-1/2